| 000 | 00451nam a2200157 i 4500 | ||
|---|---|---|---|
| 001 | 61352 | ||
| 003 | ES-MaACL | ||
| 005 | 20230906164435.0 | ||
| 007 | t| | ||
| 008 | 031111s1969 sp ||||1| baq d | ||
| 245 | 0 | 0 |
_aEuskal _b: elerti 69 / _ceskritoreak, Juan San Martín...[et al.]. |
| 260 |
_aBilbao : _b[s.n., _c1969] ( _fEllacuria) |
||
| 300 |
_a551 p. ; _c18 cm. |
||
| 700 | 1 |
_aSan Martín, Juan. _9102263 |
|
| 852 |
_aES-MaACL _jC-36517 _bR.70999 |
||
| 999 |
_c61352 _d61352 |
||